[Event "BCF-chT3 0203 (4NCL)"]
[Site "West Bromwich"]
[Date "2002.11.09"]
[Round "1.5"]
[White "Hill, David F"]
[Black "Habibi, Amir"]
[Result "1/2-1/2"]
[WhiteElo "2066"]
[BlackElo "2053"]
[PlyCount "81"]
[EventDate "2002.11.??"]
[EventType "team"]
[EventRounds "11"]
[EventCountry "ENG"]
[SourceTitle "EXT 2004"]
[Source "ChessBase"]
[SourceDate "2003.11.25"]
[SourceVersion "1"]
[SourceVersionDate "2003.11.25"]
[SourceQuality "1"]
[WhiteTeam "Guildford III"]
[BlackTeam "South County Stars"]
[WhiteTeamCountry "ENG"]
[BlackTeamCountry "ENG"]

1. Nf3 Nf6 2. c4 e6 3. g3 b6 4. Bg2 Bb7 5. 0-0 Be7 6. Nc3 0-0 7. d4 d6 8. d5 e5 9. Bh3 Bc8 10. Bxc8 Qxc8 11. Kg2 Qg4 12. Nd2 Nh5 13. e4 Qg6 14. Kh1 Nd7 15. b3 f5 16. exf5 Rxf5 17. Nde4 Rf7 18. Be3 h6 19. f3 a6 20. a4 Nc5 21. b4 Nxe4 22. Nxe4 Nf6 23. Qd3 Nxe4 24. Qxe4 Qxe4 25. fxe4 Rxf1+ 26. Rxf1 Rf8 27. Rxf8+ Kxf8 28. Kg2 Kf7 29. Kf3 Kg6 30. h4 Kh5 31. Bf2 g5 32. g4+ Kg6 33. h5+ Kf7 34. Ke2 Ke8 35. Kd3 Kd7 36. Kc3 Kc8 37. c5 b5 38. axb5 axb5 39. cxd6 cxd6 40. Bb6 Kb7 41. Ba5 1/2-1/2

[Event "BCF-chT3 0102 (4NCL)"]
[Site "Birmingham"]
[Date "2002.05.05"]
[Round "10.3"]
[White "Habibi, Amir"]
[Black "Day, Thomas W"]
[Result "1-0"]
[WhiteElo "2061"]
[BlackElo "1944"]
[PlyCount "117"]
[EventDate "2001.09.??"]
[EventType "team"]
[EventRounds "11"]
[EventCountry "ENG"]
[SourceTitle "EXT 2003"]
[Source "ChessBase"]
[SourceDate "2002.11.25"]
[SourceVersion "1"]
[SourceVersionDate "2002.11.25"]
[SourceQuality "1"]
[WhiteTeam "South County Stars"]
[BlackTeam "Poisoned Pawns II"]
[WhiteTeamCountry "ENG"]
[BlackTeamCountry "ENG"]

1. e4 e5 2. Nf3 Nc6 3. Bb5 Nge7 4. 0-0 g6 5. d4 exd4 6. Nxd4 Bg7 7. c3 Nxd4 8. cxd4 c6 9. Ba4 d5 10. e5 0-0 11. Bg5 f6 12. Bf4 fxe5 13. Bxe5 Bxe5 14. dxe5 Be6 15. Nd2 Rf5 16. Nf3 Rf4 17. Bc2 Bg4 18. Qd2 Rf8 19. Nd4 Qb6 20. h3 Bf5 21. Bb3 Rad8 22. Ne2 c5 23. Qg5 Qc7 24. Rae1 Bd3 25. Nf4 Rxf4 26. Qxf4 Bxf1 27. Rxf1 c4 28. Bd1 Nc6 29. Re1 Re8 30. Bf3 Qa5 31. Re2 Qc5 32. Bg4 Nd4 33. Re3 Rf8 34. Qg5 Nf5 35. Rf3 Ng7 36. e6 Rxf3 37. gxf3 Qf8 38. Qxd5 Qe7 39. Qd7 Kf8 40. Qc8+ Qe8 41. Qxb7 h5 42. e7+ Qxe7 43. Qb8+ Ne8 44. Qf4+ Kg7 45. Bc8 Qc5 46. Be6 Nd6 47. Qe3 Qc7 48. Qe5+ Kh7 49. f4 Qd8 50. Qg5 Qf8 51. f5 Nxf5 52. Bxf5 Qxf5 53. Qxf5 gxf5 54. f4 Kg7 55. Kf2 Kf7 56. Ke3 Ke6 57. Kd4 Kd6 58. Kxc4 a5 59. a4 1-0

[Event "BCF-chT2 9900 (4NCL)"]
[Site "Birmingham"]
[Date "2000.04.29"]
[Round "9.5"]
[White "Habibi, Amir"]
[Black "Noyce, Robert"]
[Result "0-1"]
[WhiteElo "1704"]
[BlackElo "2177"]
[PlyCount "174"]
[EventDate "1999.10.??"]
[EventType "team"]
[EventRounds "11"]
[EventCountry "ENG"]
[SourceTitle "EXT 2001"]
[Source "ChessBase"]
[SourceDate "2000.11.22"]
[SourceVersion "1"]
[SourceVersionDate "2000.11.22"]
[SourceQuality "1"]
[WhiteTeam "South County Stars"]
[BlackTeam "Guildford II"]
[WhiteTeamCountry "ENG"]
[BlackTeamCountry "ENG"]

1. e4 d5 2. exd5 Nf6 3. Nf3 Nxd5 4. d4 g6 5. Bc4 Bg7 6. 0-0 0-0 7. c3 Nc6 8. Re1 Bg4 9. h3 Bxf3 10. Qxf3 Nb6 11. Bb5 Qd7 12. Bxc6 bxc6 13. Nd2 Rab8 14. Nb3 Na4 15. Re2 e6 16. Bf4 Rb5 17. Qe4 Rb7 18. Be5 Qd5 19. Qc2 Bh6 20. c4 Qd7 21. Re4 f6 22. Bg3 c5 23. dxc5 e5 24. Rb1 Qf5 25. Re2 Qxc2 26. Rxc2 Rfb8 27. Rd1 Bf8 28. Rdd2 Nxc5 29. Nxc5 Bxc5 30. b3 Bd4 31. Kf1 a5 32. Ke2 g5 33. f3 a4 34. bxa4 Rb4 35. Bf2 c5 36. Bxd4 exd4 37. Kd3 Rxa4 38. Rb2 Rab4 39. Rxb4 Rxb4 40. Re2 Kf7 41. g4 h6 42. Re1 Ra4 43. Rb1 Rxa2 44. Rb5 Ra3+ 45. Ke2 Re3+ 46. Kf2 Re5 47. Rb6 Re6 48. Rb7+ Re7 49. Rb6 d3 50. Rd6 Re2+ 51. Kf1 Rc2 52. Rxd3 Rxc4 53. Rd7+ Ke6 54. Rc7 Rc2 55. Rc6+ Ke5 56. Kg1 c4 57. Kf1 c3 58. Ke1 Rc1+ 59. Ke2 c2 60. Kd2 Rf1 61. Kxc2 Rxf3 62. Kd2 Rxh3 63. Ke2 h5 64. gxh5 Rxh5 65. Kf3 Rh4 66. Rc8 Rf4+ 67. Kg3 Kf5 68. Rc5+ Kg6 69. Rc6 Re4 70. Kf3 Ra4 71. Kg3 Rd4 72. Rb6 Kf5 73. Rb5+ Ke6 74. Rb6+ Rd6 75. Rb5 f5 76. Kf3 Rd3+ 77. Ke2 Rd5 78. Rb8 Ke5 79. Rb4 f4 80. Kf3 Rd3+ 81. Ke2 Re3+ 82. Kf2 g4 83. Rb8 g3+ 84. Kg2 Re2+ 85. Kg1 Ke4 86. Rb4+ Kf3 87. Rb3+ Re3 0-1

[Event "BCF-chT2 9900 (4NCL)"]
[Site "Birmingham"]
[Date "1999.11.21"]
[Round "4.7"]
[White "Mitchell, Gareth"]
[Black "Habibi, Amir"]
[Result "0-1"]
[WhiteElo "1544"]
[BlackElo "1696"]
[PlyCount "60"]
[EventDate "1999.10.??"]
[EventType "team"]
[EventRounds "11"]
[EventCountry "ENG"]
[SourceTitle "EXT 2001"]
[Source "ChessBase"]
[SourceDate "2000.11.22"]
[SourceVersion "1"]
[SourceVersionDate "2000.11.22"]
[SourceQuality "1"]
[WhiteTeam "Thistle White Rose"]
[BlackTeam "South County Stars"]
[WhiteTeamCountry "ENG"]
[BlackTeamCountry "ENG"]

1. e4 e6 2. d3 d5 3. Qe2 dxe4 4. dxe4 Nf6 5. Nf3 Be7 6. e5 Nd5 7. c4 Nb6 8. g3 0-0 9. Bg2 c5 10. b3 Nc6 11. Bb2 Qc7 12. 0-0 Nd7 13. Re1 b6 14. Nbd2 Bb7 15. a3 Rfd8 16. Rad1 Nf8 17. h4 a5 18. h5 h6 19. g4 a4 20. Qe3 Nh7 21. Bf1 Ng5 22. Bg2 Rd7 23. bxa4 Rad8 24. Qe2 Nd4 25. Nxd4 Bxg2 26. Kxg2 cxd4 27. Qd3 Qc6+ 28. Kg3 Qxa4 29. f4 Nh7 30. Re4 Qxd1 0-1

[Event "BCF-chT2 9900 (4NCL)"]
[Site "Birmingham"]
[Date "1999.11.20"]
[Round "3.7"]
[White "Habibi, Amir"]
[Black "Cast, Abigail"]
[Result "1/2-1/2"]
[WhiteElo "1696"]
[BlackElo "2119"]
[PlyCount "59"]
[EventDate "1999.10.??"]
[EventType "team"]
[EventRounds "11"]
[EventCountry "ENG"]
[SourceTitle "EXT 2001"]
[Source "ChessBase"]
[SourceDate "2000.11.22"]
[SourceVersion "1"]
[SourceVersionDate "2000.11.22"]
[SourceQuality "1"]
[WhiteTeam "South County Stars"]
[BlackTeam "SW Dragons"]
[WhiteTeamCountry "ENG"]
[BlackTeamCountry "ENG"]

1. e4 e6 2. d4 d5 3. Nc3 Nf6 4. e5 Nfd7 5. f4 c5 6. Nf3 Nc6 7. Ne2 Qb6 8. c3 Be7 9. g3 h5 10. h4 Na5 11. b3 c4 12. b4 Nc6 13. a3 a5 14. Bb2 axb4 15. axb4 Rxa1 16. Qxa1 Bxb4 17. cxb4 Nxb4 18. Kd2 Nd3 19. Bc3 Qc6 20. Qa3 b5 21. Bb4 Nb8 22. Nc3 Nxb4 23. Qxb4 Bd7 24. Na2 Qa6 25. Qb2 Qa5+ 26. Nb4 Nc6 27. Kc3 0-0 28. Be2 Ra8 29. Rb1 g6 30. Kc2 1/2-1/2